000 00387nam a22001577a 4500
003 OSt
008 220611b ||||| |||| 00| 0 eng d
020 _a9789390727490
082 _a004.22 SMA
100 _aSARANGI, Smruti Ranjan
245 _aAdvanced Computer Architectures
260 _aNew Delhi
_bMc Graw Hill
_c2021
300 _aMisc
650 _aB.Tech(CSE)
942 _2ddc
_cBK
999 _c11310
_d11310